| 000 | 00718cam a22001935a 4500 | ||
|---|---|---|---|
| 001 | L155996 | ||
| 008 | 120424s1818 xxk f 000 0 eng d | ||
| 035 | _a(Sirsi) u155996 | ||
| 041 | 0 | _aeng | |
| 100 | 1 | _aMcWilliam, Robert | |
| 245 | 0 | 3 |
_aAn essay on the origin and operation of the dry rot _bwith a view to its prevention or cure |
| 260 |
_aLondon _bJ. Taylor _c1818 |
||
| 300 |
_axx, 420 p., 3 leaves of plates _bill. |
||
| 583 |
_aCondition reviewed _c20120620 _lcondition level 1 |
||
| 651 | 4 |
_aGreat Britain _y1707- |
|
| 690 | _aBuilding materials and defects | ||
| 856 |
_uhttps://play.google.com/books/reader?id=WlnXAAAAMAAJ&pg=GBS.PR20&hl=en_GB _zAvailable as an ebook from google books |
||
| 942 |
_n0 _2ddc |
||
| 999 |
_c113967 _d113967 |
||